| 000 | 01448nam a2200445 i 4500 | ||
|---|---|---|---|
| 001 | 5710 | ||
| 003 | KOSZ 005 | ||
| 005 | 20220530132821.0 | ||
| 008 | 970510s1993 pl f f |000 0 pol | ||
| 015 | _aPB 1993/5155 | ||
| 020 | _a8385881007 | ||
| 035 | _a991000969769705066 | ||
| 035 | _a(PL-WaBN)b10295410-48omnis_nlop | ||
| 035 | _ab10295410 | ||
| 035 | _a(OCoLC)834063424 | ||
| 035 | _a(PL)b0000001029541 | ||
| 035 | _a(EXLNZ-48OMNIS_NETWORK)9910225279305606 | ||
| 040 |
_aWA N _cWA N _dKOSZ 005/EG |
||
| 041 | 1 |
_apol _heng |
|
| 046 | _k1993 | ||
| 080 | _a339.177/.178 | ||
| 100 | 1 |
_aBettger, Frank _d(1888-1981) _eAutor |
|
| 245 | 1 | 0 |
_aJak przetrwać i odnieść sukces w biznesie / _cFrank Bettger ; [tł. z ang.]. |
| 246 | 1 |
_iTyt. oryg.: _aHow I raised myself from failure to success in selling, _f1977 |
|
| 260 |
_a[Warszawa] : _bStudio Emka, _c1993. |
||
| 300 |
_a176 s. ; _c21 cm. |
||
| 336 |
_2rdacontent _aTekst _btxt |
||
| 337 |
_2rdamedia _aBez urządzenia pośredniczącego _bn |
||
| 338 |
_2rdacarrier _aWolumin _bnc |
||
| 380 | _aKsiążki | ||
| 388 | _a1901-2000 | ||
| 388 | _a1989-2000 | ||
| 650 | 7 |
_aAkwizycja _2DBN |
|
| 655 | 7 |
_aPoradniki _2DBN |
|
| 658 | _aZarządzanie i marketing | ||
| 710 | 2 |
_aStudio Emka _4pbl |
|
| 856 |
_uhttp://koha.tu.koszalin.pl/cgi-bin/koha/opac-detail.pl?biblionumber=5710 _yKatalog online BPK |
||
| 942 |
_2UKD _cKS |
||
| 999 |
_c5710 _d5710 |
||